Statistics for Spanish Bible Verbs 1

Click here to take the quiz!

General Stats

  • This quiz has been taken 18 times
  • The average score is 6 of 16

Answer Stats

HintAnswer% Correct
To blessBenidecir
80%
To helpAyudar
60%
To fastAyunar
60%
To fightLuchar
60%
To denyNegar
60%
To proveProbar
60%
To saveSalvar
60%
To followSeguir
60%
To prayOrar
40%
To punishCastigar
20%
To shoutGritar
20%
To curseMaldecir
20%
To scrapeRascar
20%
To harvestCosechar
0%
To rejectDesechar
0%
To scorn, despiseMenospreciar
0%

Score Distribution

Percentile by Number Answered

Percent of People with Each Score

Your Score History

You have not taken this quiz